| 000 | 01275cam a2200277 i 4500 | ||
|---|---|---|---|
| 003 | SA-RiAUC | ||
| 005 | 20241013133038.0 | ||
| 008 | 241013s2006 su g 01000 ara c | ||
| 040 |
_aSA-MaUQU _bara _cSA-RiAUC _erda |
||
| 082 | 0 | 4 |
_a210.8 _qSA-RiAUC |
| 090 |
_a210.8 _b م ج ل |
||
| 245 | 0 | 2 |
_aالمجلد التوثيقي الأول لمحاضرات وندوات اللجنة الدينية الثقافية لعام 1425-1424-1423 هـ / _cإشراف مريم بنت عبد الله سرور الصبان. |
| 250 | _aالطبعة الأولى. | ||
| 264 | 1 |
_aمكة المكرمة : _bجمعية أم القرى الخيرية النسائية، _c2006 |
|
| 300 |
_a336 صفحة ؛ _c24 سم |
||
| 336 |
_aنص _btxt _2rdacontent _3كتاب |
||
| 337 |
_aبدون وسيط _bn _2rdamedia |
||
| 338 |
_aمجلد _bnc _2rdacarrier |
||
| 500 | _aبمناسبة الاحتفال باختيار مكة المكرمة عاصمة الثقافة الإسلامية 1426 هجري. | ||
| 650 | 7 |
_aالإسلام _vمقالات ومحاضرات _2aucsh |
|
| 650 | 7 |
_aالإسلام _vمؤتمرات _2aucsh |
|
| 700 | 1 |
_aالصبان، مريم عبد الله سرور _eمشرف. |
|
| 899 | _aكتب | ||
| 942 |
_2ddc _cBOOK _n0 |
||
| 949 |
_aSA-JeALM _d241013 _umohamedma123 _n1 |
||
| 999 |
_c1258 _d1258 |
||